| 000 | 00950nam a2200277 a 4500 | ||
|---|---|---|---|
| 001 | 17723 | ||
| 003 | BD-RjUL | ||
| 005 | 20211209000201.0 | ||
| 008 | 140217r19721963njua b 001 0 eng d | ||
| 020 | _a0691075034 (hbk.) | ||
| 035 | _a(BD-RjUL)17781 | ||
| 040 |
_aDLC _cDLC _dm.c _dBD-RjUL _beng |
||
| 041 | _aeng | ||
| 082 | 0 | 4 |
_220 _a320.019 _bALC 1972 |
| 100 | 1 |
_aAlmond, Gabriel A. _q(Gabriel Abraham), _d1911-2002. _911258 |
|
| 245 | 1 | 4 |
_aThe civic culture : _bpolitical attitudes and democracy in five nations / _cby Gabriel A. Almond and Sidney Verba. |
| 260 |
_aPrinceton : _bPrinceton University Press, _c1963 [reprinted 1972]. |
||
| 300 |
_axi, 562 p. ; _c25 cm. |
||
| 504 | _aIncludes bibliographical references and index. | ||
| 650 | 0 |
_aPolitical psychology. _93579 |
|
| 650 | 0 |
_aSocial participation. _916047 |
|
| 650 | 0 |
_aSocial history _y1945- _954623 |
|
| 700 | 1 |
_aVerba, Sidney. _919997 |
|
| 942 |
_2ddc _cBK _02 |
||
| 999 |
_c17723 _d17723 |
||